| 000 | 00562nam a2200193 i 4500 | ||
|---|---|---|---|
| 001 | 12037 | ||
| 003 | ES-MaACL | ||
| 005 | 20230906150227.0 | ||
| 008 | 890227s1988 sp ||||0| spa | ||
| 020 | _a84-86879-09-4 | ||
| 080 | _a968.4 | ||
| 100 | 1 |
_aDiego Aguirre, José Ramón. _944553 |
|
| 245 | 1 | 0 |
_aHistoria del Sahara español / _cJosé Ramón Diego Aguirre. |
| 260 |
_aMadrid : _bKaydeda, _c[1988] |
||
| 300 |
_a879 p ; _c24 cm. |
||
| 504 | _aBibliografía: p. 861-875. | ||
| 651 | 4 |
_aSahara occidental- _xHistoria. _99347 |
|
| 852 |
_aES-MaACL _jL-19354 |
||
| 999 |
_c12037 _d12037 |
||